RICS flooding research alert (Record no. 72398)

MARC details
000 -LEADER
fixed length control field 00881cam a2200217 4500
001 - CONTROL NUMBER
control field WB3913-22
008 - FIXED-LENGTH DATA ELEMENTS--GENERAL INFORMATION
fixed length control field 030401n2003 000 0 eng u
035 ## - SYSTEM CONTROL NUMBER
System control number (Sirsi) u121838
245 ## - TITLE STATEMENT
Title RICS flooding research alert
260 ## - PUBLICATION, DISTRIBUTION, ETC.
Date of publication, distribution, etc. 2003
490 ## - SERIES STATEMENT
Series statement RICS Residential Faculty Residential Newsletter
Volume/sequential designation 28 March 2003 (1)
520 ## - SUMMARY, ETC.
Summary, etc. The RICS residential faculty is seeking information from surveyors on the impact of flooding on the value and sale of properties, particularly in high flood risk areas. A questionnaire is available on www.rics.org/includes/listnewsmoreall.html by clicking on the link 'Floods of interest 27 March'.
590 ## - LOCAL NOTE (RLIN)
Local note WB
650 ## - SUBJECT ADDED ENTRY--TOPICAL TERM
Topical term or geographic name entry element FLOOD RISK AREAS
650 ## - SUBJECT ADDED ENTRY--TOPICAL TERM
Topical term or geographic name entry element HOUSE SALES
650 ## - SUBJECT ADDED ENTRY--TOPICAL TERM
Topical term or geographic name entry element PROPERTY VALUATIONS
650 ## - SUBJECT ADDED ENTRY--TOPICAL TERM
Topical term or geographic name entry element RICS RESEARCH
650 ## - SUBJECT ADDED ENTRY--TOPICAL TERM
Topical term or geographic name entry element Insurance
9 (RLIN) 6249
690 ## - LOCAL SUBJECT ADDED ENTRY--TOPICAL TERM (OCLC, RLIN)
Topical term or geographic name as entry element PROPERTY-PROPERTY APPRAISAL AND VALUATION
942 ## - ADDED ENTRY ELEMENTS (KOHA)
Suppress in OPAC 0
Holdings
Withdrawn status Lost status Source of classification or shelving scheme Damaged status Not for loan Home library Current library Shelving location Date acquired Total Checkouts Full call number Barcode Date last seen Copy number Price effective from Koha item type
    Dewey Decimal Classification     London London News article 01/04/2003   WB3913-22 121838-1001 06/08/2019 1 06/08/2019 News article